00746 2200241 4500001002100000005001700021008004100038020001800079035002400097040001200121082000800133090001300141245015300154250001000307260004100317300002500358500001100383504002700394650003400421700002200455850001200477990001500489YOGYA-0209000005875820090227034546.0 ind  a979-416-191-8 0010-020900000058758 aYOPDYOG a407 a407bBer aBERBAGAI pendekatan dalam pengajaran bahasa dan sastrabstruktur humanistik komunikatif pragmatikcBambang Kaswanti Purwo ; editor, Muljanto Sumardi acet.1 aJakartabPustaka Sinar Harapanc1992 a225 hlmbilusc12 cm aIndeks aBibliografi : hlm. 218 aBahasa - Studi dan Pengajaran aSumardi, Mulyanto aYOPDYOG a96P0081180